000 00576nam a22001817a 4500
005 20260218121430.0
008 260218b |||||||| |||| 00| 0 eng d
020 _a9789387791589
040 _cVITAP
082 _223rd Ed.
_a796.092 HIN
100 _aThe Hindu Group
_917059
245 _a40 Years of Sportstar 40 Superstars
_c/ The Hindu Group and Sportstar
260 _aChennai
_bTHG (The Hindu Group) Publishing Private Limited
_c2024
300 _a279p. : ill. ; 24cm
650 0 _aSports - India - Biography
_917079
700 _aSportstar
_917074
942 _2ddc
_cREF
999 _c47270
_d47270